|
|
|
|
| LEADER |
00770cam a2200229 7i4500 |
| 001 |
0000011856 |
| 005 |
20151104090000.0 |
| 005 |
##20151104113100.0 |
| 003 |
##MY-KlINT |
| 020 |
# |
# |
|a 9780814413425
|
| 039 |
# |
9 |
|y 201511041131
|z VLOAD
|
| 090 |
0 |
0 |
|a 650.13
|b BOL
|
| 100 |
1 |
# |
|a Bolton, Robert
|
| 245 |
1 |
0 |
|a People styles at work...and beyond :
|b making bad relationships good and good relationships better /
|c Robert Bolton and Dorothy Grover Bolton-2nd ed..
|
| 250 |
# |
# |
|a Second Edition.
|
| 260 |
# |
# |
|a New York:
|b AMACOM,
|c 2009.
|
| 300 |
# |
# |
|a 230 p:
|b ill;
|c 23cm.
|
| 650 |
# |
0 |
|a Interpersonal communication
|
| 650 |
# |
0 |
|a Interpersonal relations
|
| 650 |
# |
0 |
|a Psychology, Industrial
|
| 700 |
0 |
# |
|a Bolton,
|h Dorothy Grover
|
| 999 |
|
|
|a 0000065270
|b BOOK
|c Main Non-Fiction
|e INTAN BK
|